Les surnoms des villes belges. - Statistiques

Statistiques générales
  • Ce quiz a été pris 26 fois
  • Le résultat moyen est 12 sur 22
Statistiques - réponses
Surnom Ville % Correct
La capitale de l'Europe Bruxelles
96%
La ville diamant Anvers
91%
La Venise du Nord Bruges
87%
La capitale wallonne Namur
87%
La cité Ardente Liège
78%
La Reine des plages Ostende
74%
La cité thermale Spa
74%
La ville estudiantine Louvain-la-Neuve
70%
La cité du Doudou Mons
70%
La capitale du Pays noir Charleroi
65%
La cité des princes Évêques Liège
65%
La plus petite ville du monde Durbuy
57%
La capitale de la bande dessinée Bruxelles
52%
La ville Citadelle Dinant
48%
La cité des comtes Gand
39%
La cité du fer Seraing
30%
La ville aux cinq clochers Tournai
26%
La cité des géants Ath
22%
La cité lainière Verviers
22%
La ville aux 100 clochers Liège
17%
La cité des Hurlus Mouscron
17%
La cité des oies Visé
9%
Aucun quiz correspondant
Distribution des résultats
% des personnes avec chaque résultat
Percentile par nombre de réponses
Votre historique - résultats
Vous n’avez pas pris ce quiz